|
|
|
|
| LEADER |
00000ny a22000003n 4500 |
| 005 |
20110511152219.0 |
| 008 |
790113c19uu9999enkmx p 0 a0eng d |
| 022 |
|
|
|a 0142-6702
|
| 035 |
|
|
|a 3113
|
| 040 |
|
|
|a UCA
|d vLex
|
| 090 |
|
|
|c 1719
|d 1719
|
| 245 |
0 |
0 |
|a Art monthly
|h [Recurso electrn̤ico]
|
| 256 |
|
|
|a Servicio en ln̕ea
|
| 260 |
|
|
|a London :
|b Britannia Art Publications
|
| 310 |
|
|
|a 10 nm︢eros al aǫ
|
| 650 |
0 |
4 |
|a Arte
|x Publicaciones perid̤icas
|
| 740 |
0 |
|
|a vLex Revista (Servicios en ln̕ea)
|
| 843 |
|
|
|a Electrn̤ica. Abierta
|
| 853 |
|
|
|8 1
|i (year)
|j (month)
|k (day)
|
| 856 |
4 |
0 |
|z Acceso restringido
|u http://vlex.com/account/login_ip?fuente_id=3113
|
| 942 |
|
|
|c REV
|
| 999 |
0 |
0 |
|a Art
|v Periodicals.
|